Statystyki dla Quiz o Singapurze

Kliknij tutaj aby rozwiązać quiz!

Ogólne statystyki

  • Ten quiz został rozwiązany 125 razy
  • Średni wynik to 9 z 21

Statystyki odpowiedzi

WskazówkaOdpowiedź% Poprawnych
Języki urzędoweAngielski
94%
Chiński
89%
Kraj, który najechał na Singapur w 1942 rokuJaponia
82%
Kraj, który założył to nowoczesne miasto w 1819 rokuWielka Brytania
81%
Szerokość geograficzna Singapuru (z dokładnością do najbliższej liczby całkowitej)1 ° na północ
65%
Termin używany do opisania gospodarek Singapuru, Tajwanu, Hongkongu i Korei PołudniowejCztery Azjatyckie {Tygrysy}
60%
Singapur posiada drugi największy ____ na świecie, po SzanghajuPort
60%
Malajski
60%
WalutaDolar singapurski
52%
Popularny, ale śmierdzący owoc, który jest zakazany w metrzeDurian
51%
Morze na wschodnim krańcu Cieśniny SingapurskiejMorze Południowochińskie
43%
Znaczenie słowa „Singapur”Miasto {Lwa}
43%
Tamilski
33%
Cukierki, które zostały zakazane w 1992 rokuGumy do żucia
28%
Singapur ma najniższy współczynnik TFR na świecie. Co oznacza TFR? (napisz po polsku)Całkowity wskaźnik {dzietności}
21%
Premier w latach 1959–1990, często uważany za „życzliwego dyktatora”Lee Kuan-Yew
17%
Słynny posąg plujący wodąMerlion
17%
Słynna ulica handlowa, niegdyś miejsce plantacji przypraw i owoców{Orchard} Road
16%
Koktajl ginu z wiśnią i ananasemSling
14%
Broń używana do wymierzania kar cielesnychLaska bambusowa
14%
Określenie lokalu gastronomicznego na świeżym powietrzuCentrum {straganiarzy}
12%

Rozkład punktacji

Percentyl według liczby udzielonych odpowiedzi

Procent ludzi z każdym wynikiem

Twoja historia wyników

Nie rozwiązałeś tego quizu